[Event "2nd Sharjah Masters International Chess Championship"]
[Site "Sharjah Culture & Chess Club"]
[Date "2018.04.19"]
[Round "9"]
[Board "38"]
[White "Assaubayeva, Bibisara"]
[Black "Salim, Mohammed Salim Al Amri"]
[Result "1-0"]
[WhiteElo "2359"]
[BlackElo "1946"]
[PlyCount "0"]
[EventDate "2018.04.12"]
[EventRounds "9"]
[EventCountry "UAE"]

1. d4 {[%clk 1:30:55]} Nf6 {[%clk 1:30:50]} 2. c4 {[%clk 1:31:18]} c5
{[%clk 1:31:12]} 3. d5 {[%clk 1:31:43]} e6 {[%clk 1:31:30]} 4. Nc3
{[%clk 1:32:00]} exd5 {[%clk 1:31:48]} 5. cxd5 {[%clk 1:32:25]} d6
{[%clk 1:32:00]} 6. Nf3 {[%clk 1:32:26]} g6 {[%clk 1:32:21]} 7. h3
{[%clk 1:32:34]} Bg7 {[%clk 1:32:12]} 8. e4 {[%clk 1:32:52]} O-O {[%clk 1:32:23]}
9. Bd3 {[%clk 1:33:19]} b5 {[%clk 1:32:33]} 10. Nxb5 {[%clk 1:32:58]} Nxe4
{[%clk 1:30:55]} 11. Bxe4 {[%clk 1:32:50]} Re8 {[%clk 1:31:13]} 12. Ng5
{[%clk 1:33:16]} Qa5+ {[%clk 1:30:35]} 13. Nc3 {[%clk 1:32:00]} Ba6
{[%clk 1:30:19]} 14. f3 {[%clk 1:30:39]} f5 {[%clk 1:29:15]} 15. Kf2
{[%clk 1:26:34]} fxe4 {[%clk 1:26:43]} 16. Ncxe4 {[%clk 1:23:00]} Nd7
{[%clk 1:27:02]} 17. Ne6 {[%clk 1:19:52]} Rxe6 {[%clk 1:25:40]} 18. dxe6
{[%clk 1:20:14]} Ne5 {[%clk 1:26:03]} 19. Qd5 {[%clk 1:14:18]} Nd3+
{[%clk 1:26:18]} 20. Kg3 {[%clk 1:14:35]} Re8 {[%clk 1:22:43]} 21. e7+
{[%clk 1:10:46]} Kh8 {[%clk 1:23:00]} 22. Qf7 {[%clk 1:08:28]} Bb5
{[%clk 1:21:39]} 23. Nf6 {[%clk 0:56:33]} Ne5 {[%clk 1:19:21]} 24. Qxe8+
{[%clk 0:53:38]} Bxe8 {[%clk 1:19:18]} 25. Nxe8 {[%clk 0:54:02]} Nc6
{[%clk 1:17:55]} 26. Nxg7 {[%clk 0:54:28]} Nxe7 {[%clk 1:18:11]} 27. Bg5
{[%clk 0:48:16]} Ng8 {[%clk 1:16:26]} 28. Ne6 {[%clk 0:46:09]} d5
{[%clk 1:01:47]} 29. Rhe1 {[%clk 0:44:52]} d4 {[%clk 1:01:29]} 30. Bf4
{[%clk 0:41:46]} h5 {[%clk 1:00:03]} 31. Ng5 {[%clk 0:39:00]} Nh6
{[%clk 0:59:20]} 32. Re8+ {[%clk 0:39:18]} Kg7 {[%clk 0:59:41]} 33. Be5#
{[%clk 0:39:44]} 1-0